Ponies / (Record no. 130)

MARC details
000 -LEADER
fixed length control field 01573nam a22004337a 4500
001 - CONTROL NUMBER
control field 130
003 - CONTROL NUMBER IDENTIFIER
control field FISKH
005 - DATE AND TIME OF LATEST TRANSACTION
control field 20230821090242.0
008 - FIXED-LENGTH DATA ELEMENTS--GENERAL INFORMATION
fixed length control field 230228b cb ||||| |||| 00| 0 eng d
020 ## - INTERNATIONAL STANDARD BOOK NUMBER
International Standard Book Number 9781426308505 (library binding)
020 ## - INTERNATIONAL STANDARD BOOK NUMBER
International Standard Book Number 1426308507 (library binding)
020 ## - INTERNATIONAL STANDARD BOOK NUMBER
International Standard Book Number 9781426308499 (trade paperback)
020 ## - INTERNATIONAL STANDARD BOOK NUMBER
International Standard Book Number 1426308493 (trade paperback)
035 ## - SYSTEM CONTROL NUMBER
System control number (OCoLC)ocn694394330
040 ## - CATALOGING SOURCE
Original cataloging agency BTCTA
Language of cataloging eng
Transcribing agency BTCTA
Description conventions rda
Modifying agency DAD
-- JRN
-- DLC
-- FISKH
042 ## - AUTHENTICATION CODE
Authentication code lccopycat
050 00 - LIBRARY OF CONGRESS CALL NUMBER
Classification number SF315
Item number .M27 2011
082 04 - DEWEY DECIMAL CLASSIFICATION NUMBER
Classification number 636.16
Edition number 22
100 1# - MAIN ENTRY--PERSONAL NAME
Personal name Marsh, Laura F.,
Relator term author.
245 10 - TITLE STATEMENT
Title Ponies /
Statement of responsibility, etc. Laura Marsh.
260 ## - PUBLICATION, DISTRIBUTION, ETC.
Place of publication, distribution, etc. Washington, D.C. :
Name of publisher, distributor, etc. National Geographic
Date of publication, distribution, etc. 2011
300 ## - PHYSICAL DESCRIPTION
Extent 32 p.
Other physical details color illustrations ;
Dimensions 23 cm.
336 ## - CONTENT TYPE
Content type term text
Source rdacontent
337 ## - MEDIA TYPE
Media type term unmediated
Source rdamedia
338 ## - CARRIER TYPE
Carrier type term volume
Source rdacarrier
490 1# - SERIES STATEMENT
Series statement National Geographic kids
490 1# - SERIES STATEMENT
Series statement National Geographic readers. Level 1
505 0# - FORMATTED CONTENTS NOTE
Formatted contents note F <br/>
505 0# - FORMATTED CONTENTS NOTE
Formatted contents note It's a pony! -- What is a pony? -- A foal is born! -- Pony breeds -- Colors and markings -- Wild ponies -- Ponies in the past -- Ponies today -- Caring for a pony -- Riding -- What in the world?
520 ## - SUMMARY, ETC.
Summary, etc. Describes the characteristics of different types of ponies at a beginning reader level.
521 8# - TARGET AUDIENCE NOTE
Target audience note 420
Source Lexile
521 8# - TARGET AUDIENCE NOTE
Target audience note F
Source Raz-Plus
650 #0 - SUBJECT ADDED ENTRY--TOPICAL TERM
Topical term or geographic name entry element Ponies
Form subdivision Juvenile literature.
650 #1 - SUBJECT ADDED ENTRY--TOPICAL TERM
Topical term or geographic name entry element Ponies.
830 #0 - SERIES ADDED ENTRY--UNIFORM TITLE
Uniform title National geographic kids.
830 #0 - SERIES ADDED ENTRY--UNIFORM TITLE
Uniform title National Geographic readers.
Number of part/section of a work Level 1.
906 ## - LOCAL DATA ELEMENT F, LDF (RLIN)
a 7
b cbc
c copycat
d 2
e ncip
f 20
g y-gencatlg
942 ## - ADDED ENTRY ELEMENTS (KOHA)
Source of classification or shelving scheme Dewey Decimal Classification
Koha item type Books
Suppress in OPAC No
Holdings
Withdrawn status Lost status Source of classification or shelving scheme Damaged status Not for loan Collection Home library Current library Shelving location Date acquired Total Checkouts Full call number Barcode Date last seen Date last checked out Copy number Price effective from Koha item type
    Dewey Decimal Classification     Non-Fiction Footprints International School Library Network Toul Kork Campus Footprints International School Library Network Toul Kork Campus   02/28/2023 3 MAR 636.16 SF315.M27 FISBK02628 12/20/2024 09/13/2024 1 02/28/2023 Books
    Dewey Decimal Classification     Non-Fiction Footprints International School Library Network Toul Kork Campus Footprints International School Library Network Toul Kork Campus   02/28/2023 4 MAR 636.16 SF315.M27 FISBK02629 01/30/2025 08/06/2024 2 02/28/2023 Books
    Dewey Decimal Classification     Non-Fiction Footprints International School Library Network Toul Kork Campus Footprints International School Library Network Toul Kork Campus   02/28/2023 1 MAR 636.16 SF315.M27 FISTK01165 09/07/2023 08/31/2023 3 02/28/2023 Books
    Dewey Decimal Classification     Non-Fiction Footprints International School Library Network Toul Kork Campus Footprints International School Library Network Toul Kork Campus   02/28/2023 5 MAR 636.16 SF315.M27 FISBK02630 02/27/2025 08/08/2024 4 02/28/2023 Books